000 00480nam a2200145Ia 4500
008 100122s9999 xx 000 0 und d
082 _b52673
_a822
100 _aकुलकर्णी रंंगनाथ
245 _aसुदाम्याचे पोहे
260 _bकौशिक प्रकाशन
_c1996
300 _a84
630 _aसुदाम्याचे पोहे
730 _aसुदाम्याचे पोहे
942 _cBOOK
999 _c429841
_d429838